000 00269nam a2200097Ia 4500
001 1250601
005 20251031150859.0
008 251031s9999 xx 000 0 und d
245 0 _cHAKAN MENGÜÇ
_aB-5 KALBİN TEMİZSE HİKAYEN MUTLU BİTER
260 _bDESTEK YAYINLARI
999 _c1250601
_d1250601